[Event "Almeria Suqui U1600 op"]
[Site "Almeria"]
[Date "2015.07.25"]
[Round "3.1"]
[White "Lorente Serrano, Rosa Adela"]
[Black "El Allaoui, Adil"]
[Result "1-0"]
[WhiteElo "1405"]
[BlackElo "1054"]
[PlyCount "53"]
[EventDate "2015.07.24"]
[EventType "tourn"]
[EventRounds "9"]
[EventCountry "ESP"]
[SourceTitle "EXT 2024"]
[Source "ChessBase"]
[SourceDate "2023.10.10"]
[SourceVersion "1"]
[SourceVersionDate "2023.10.10"]
[SourceQuality "1"]

1. Nf3 d5 2. g3 c5 3. Bg2 Nc6 4. 0-0 Nf6 5. d3 e5 6. Nbd2 Bd6 7. e4 d4 8. a4 Be6 9. b3 a5 10. Nc4 0-0 11. Ne1 Bxc4 12. bxc4 b6 13. f4 Re8 14. f5 Rb8 15. g4 Nd7 16. g5 f6 17. h4 Be7 18. Qg4 Rf8 19. Nf3 Rf7 20. Qh5 Nf8 21. g6 hxg6 22. fxg6 Nxg6 23. Qxg6 Nb4 24. Rf2 Qd7 25. Ng5 f5 26. Qh7+ Kf8 27. Qh8# 1-0